High performance Windows NT 4 optimization & tuning

Αποθηκεύτηκε σε:
Λεπτομέρειες βιβλιογραφικής εγγραφής
Κύριος συγγραφέας: Knowles, Arthur
Μορφή: Βιβλίο
Γλώσσα:English
Δημοσίευση: Albany, N.Y. : Coriolis Group Books, c1998
Σειρά:High performance
Θέματα:
Ετικέτες: Προσθήκη ετικέτας
Δεν υπάρχουν, Καταχωρήστε ετικέτα πρώτοι!

MARC

LEADER 00000nam a2200000 i 4500
001 1/94755
008 991201s1998 eng d
020 |a 1576101649 
035 |l 10054971 
040 |a GR-MY-UA  |b gre  |e aacr 
041 0 |a eng 
082 0 |a 005.44769 
100 1 |a Knowles, Arthur. 
245 1 0 |a High performance Windows NT 4 optimization & tuning /  |c Arthur Knowles 
260 |a Albany, N.Y. :   |b Coriolis Group Books,   |c c1998 
300 |a xvi, 511 p.;  |b ill.;  |c 24 cm.+  |e 1 computer laser optical disc (4 3/4 in.) 
490 1 |a High performance 
504 |a Includes index 
650 0 0 |a Operating systems (Computers) 
830 0 |a High performance 
852 |a INST  |b SAMOS  |e 19991201  |h 005.44769 KNO  |p 005300016542  |q 005300016542  |t BK  |y 0 
852 |a INST  |b SAMOS  |e 19991201  |h 005.44769 KNO   |p 005300016543  |q 005300016543  |t BK  |y 0 
901 |a BIBL3-1999-3 
909 |a Σ  |b 069892 
909 |a Σ  |b 069693 
922 |a 3ΕΛΗ  |b 199911  |c ΤΠΕΣ  |d ΠΑΠΑΣΩΤΗΡΙΟΥ 
950 |a 133-1999-07-20 
970 |a ΠΟΥΡΝΑΡΑΣ  |b ΔΗΜΗΤΡΗΣ  |z 1999/12/01